Tovární výroba potřeb pro slabé proudy /

Hlavní autor: Bubeník, Václav, 1876-1944
Jazyk: Čeština
Vydáno: Praha : Ústav kvasného průmyslu, 1912
Edice: Zprávy ústavu ku podpoře průmyslu Obchodní a živnostenské komory v Praze
Fyzický popis: 12 s.
Knihy
Uloženo v:
LEADER 00858nam a22002412a 4500
001 001111100
003 CZ BrMZK
005 20110805133753.0
007 ta
008 100820s1912 xr er|||||||||||cze d
015 |a cnb000564040 
040 |a BOA001  |b cze 
100 1 |a Bubeník, Václav,  |d 1876-1944  |7 jk01020088  |4 aut 
245 1 0 |a Tovární výroba potřeb pro slabé proudy /  |c Václav Bubeník 
260 |a Praha :  |b Ústav kvasného průmyslu,  |c 1912 
300 |a 12 s. 
490 1 |a Zprávy ústavu ku podpoře průmyslu Obchodní a živnostenské komory v Praze ;  |v č. 7 
830 0 |a Zprávy ústavu ku podpoře průmyslu Obchodní a živnostenské komory v Praze  |0 s 
910 |a BOA001  |b 2-0111.479,7 
990 |a BK 
993 |a Y 
991 |b 201008 
996 6 |b 2619336671  |c 2-0111.479,7  |l MZK  |r Sklad / do 24 hodin  |n 0  |w 001138630  |u 000010  |a 1  |e BOA001  |j MZK50  |s P